Flora das cangas da Serra dos Carajás, Pará, Brasil: Gentianaceae (Registro n. 332019)
[ somente texto ]
| 000 -LÍDER | |
|---|---|
| fixed length control field | 01933nab a2200265 i 4500 |
| 003 - CÓDIGO MARC DA AGÊNCIA CATALOGADORA | |
| Campo de controle | BR-BrBNA |
| 005 - DATA E HORA DA ÚLTIMA ATUALIZAÇÃO | |
| Campo de controle | 20250611122804.0 |
| 008 - CAMPO DE TAMANHO FIXO | |
| fixed length control field | 250611b2018 bl.qr|pooa||| 00| 0 por | |
| 040 ## - FONTE DA CATALOGAÇÃO | |
| Agência catalogadora | BR-BrBNA |
| Idioma da catalogação | por |
| 072 ## - CATEGORIA AGRIS | |
| Código AGRIS | F70 |
| 100 ## - ENTRADA PRINCIPAL - NOME PESSOAL | |
| Nome pessoal | Guimarães, Elsie Franklin |
| 100 ## - ENTRADA PRINCIPAL - NOME PESSOAL | |
| Nome pessoal | Silva, Nílber Gonçalves da |
| 100 ## - ENTRADA PRINCIPAL - NOME PESSOAL | |
| Nome pessoal | Mendes, Thalita dos Santos |
| 245 ## - TÍTULO PRINCIPAL | |
| Título principal | Flora das cangas da Serra dos Carajás, Pará, Brasil: Gentianaceae |
| 500 ## - NOTA GERAL | |
| Nota geral | Publicação on-line; 7 ref.; 2 illus.; Summaries (En, Pt) |
| 942 ## - ADDED ENTRY ELEMENTS (KOHA) | |
| Koha item type | Analítica |
| 520 ## - NOTA DE RESUMO | |
| Nota de conteúdo | <br/><br/>Resumo<br/><br/>Este trabalho apresenta um estudo taxonômico das Gentianaceae das cangas da Serra dos Carajás. Foram<br/>encontradas sete espécies pertencentes a cinco gêneros: Chelonanthus viridiflorus, Chelonanthus purpurascens,<br/>Coutoubea ramosa, Curtia tenuifolia, Schultesia benthamiana, Voyria tenella, inclusive uma nova espécie<br/>aqui descrita, Voyria alvesiana E.F.Guim., T.S.Mendes & N.G.Silva sp. nov.<br/><br/>Palavras-chave: Amazônia, FLONA Carajás, Gentianaceae, taxonomia, Voyria.<br/><br/><br/><br/>Abstract<br/><br/>This work presents a taxonomic study of the Gentianaceae from the canga of the Serra dos Carajás. Seven<br/>species belonging to five genera were found: Chelonanthus viridiflorus, Chelonanthus purpurascens,<br/>Coutoubea ramosa, Curtia tenuifolia, Schultesia benthamiana, Voyria tenella, including a new species<br/>described here, Voyria alvesiana E.F.Guim. T.S. Mendes & N.G. Silva sp. nov.. <br/><br/>Key words: Amazon, FLONA Carajás, Gentianaceae, taxonomy, Voyria |
| 650 ## - ASSUNTO - THESAGRO | |
| Cabeçalho tópico ou nome geográfico | AMAZÔNIA |
| 650 ## - ASSUNTO - THESAGRO | |
| Cabeçalho tópico ou nome geográfico | CARAJÁS |
| 650 ## - ASSUNTO - THESAGRO | |
| Cabeçalho tópico ou nome geográfico | GENTIANACEAE |
| 650 ## - ASSUNTO - THESAGRO | |
| Cabeçalho tópico ou nome geográfico | TAXONOMIA |
| 773 0# - ENTRADA ANALÍTICA | |
| Host Biblionumber | 709 |
| Registro do item | 350966 |
| Imprenta | Rio de Janeiro-RJ Jardim Botanico do Rio de Janeiro 1935 |
| Outro identificador | 2025-3590 |
| Título | Rodriguésia (Brazil) |
| ISSN | 0370-6583; 2175-7860 on-line |
| Colação | v. 69(3) p. 1125-1133; (2018) |
| Número de controle de registro | BR2025003130 |
| 856 ## - ACESSO E ENDEREÇO ELETRÔNICO | |
| Identificador uniforme de recurso - URI | https://www.scielo.br/j/rod/a/bgCBFWJ8DYHPnckk568dyVG/?format=pdf&lang=pt |
Nenhum exemplar disponível.

BINAGRI